Регионална библиотека "Любен Каравелов" - Русе

Македония (Запис номер 313588)

MARC детайли
000 -Лидер
Контролно поле с фиксирана дължина 00960nja a2200217 a 4500
003 - Код на организацията, давaща контролен номер
Контролно поле BLK
005 - Дата и час на последна редакция
Контролно поле 20240403085914.0
008 - Елементи от данни с фиксирана дължина
fixed length control field 180414c bul|r|ner|||| 00| c0bul d
010 ## - Наследен системен номер
LC control number NOT00002922012
040 ## - Източник на каталожния запис
Идентификатор на билиотеката - собственик на записа BLK
100 ## - Редна дума - Автор
Автор Атанасов - Маестро, Георги
Автор - информация (биография) Георгиев, Георги Атанасов (Маестро). Български музикален деец и композитор.
Дати, свързани с автора 1882 - 1931
Пълна форма на името Георгиев, Георги Атанасов
R(LIN) 388678
245 10 - Сведения за заглавието
Заглавие Македония
Редно поле (дума) Георги Атанасов - Маестро; текст Любомир Бобевски.
257 ## - Страна на издаване
Страна на създаване/издаване България
380 ## - Жанр
Жанр Изкуство
700 1# - Други автори (авторска отговорност)
Лично име Бобевски, Любомир
Автороска отговорност (Описва отношението между автора и произведението) текст
9 (RLIN) 355741
773 ## - Описание на основна библиографска единица при аналитични записи (многотомни)
Host Biblionumber 313576
Host Itemnumber 666264
Редна дума на основното описание Атанасов - Маестро, Георги
Заглавие На България
852 ## - Местоположение
Форматна сигнатура Цб М 1544
942 ## - АРТИКУЛИ
Вид на библиотечния материал Нотни издания
Скрит в OPAC Не
944 ## - СЪЗДАВАНЕ И РЕДАКЦИЯ на ЗАПИСА
Създаване/Редакция Създаване
Дата на регистрацията/редакция 10.07.2008
Служител, извършил регистрацията/редакцията 30570
Статус, дата на статуса Моника Янева
944 ## - СЪЗДАВАНЕ И РЕДАКЦИЯ на ЗАПИСА
Създаване/Редакция Редакция
Дата на регистрацията/редакция 30.11.2009
Служител, извършил регистрацията/редакцията
999 ## - СИСТЕМНИ КОНТРОЛНИ НОМЕРА
Koha biblionumber 313588
Koha biblioitemnumber 313588
Наличности
Код за отписване Код за изгубен артикул Код за повреда Коз за рестрикции Код за отдаване Артикулен № Име на библиотеката - собственик Име на библиотеката, в която се намира в момента Статус (Текущо местоположение) Дата на вписване в системата Местоположение - отдел Цена в лева Инвентарен номер Систематично азбучна сигнатура Баркод Номер на екземпляра Цена в евро Служебна бележка Служебен тип на артикула Бележка за публиката
  Не е изгубен Не е повреден само за читалня ползва се в читалня 666276 Регионална библиотека "Любен Каравелов" Русе Регионална библиотека "Любен Каравелов" Русе Аналитични записи 2018-04-14 Аналитични записи 0.00 901200002922 Цб М 1544 901200002922 12 0.00 аналитичен запис Статия Това е описние на част от артикул: На България
Vip Innovations Ltd, Rousse, Bulgaria 2025